000 00489nam a2200169Ia 4500
003 GCL
008 140319s9999 xx 000 0 eng d
040 _aGCL /
_cGCL
082 0 4 _a547.75028
_bC M
100 1 _aCOPELAND, ROBERT A.
245 1 0 _aMETHODS FOR PROTEIN ANALYSIS: APRACTICAL GUIDE TO LABRATORY PROTOCOLS /
_cCOPELAND, ROBERT A.
260 _a[S.N] :
_bCHAPMAN & HALL ،
_c1993
650 0 4 _aANALYSIS
650 0 4 _aLABORATORY MANUALS
650 0 4 _aPROTEINS
942 _2ddc
_cBK
999 _c22133
_d22133